Phases finales de Pro D2 2024-2025. - Statistiques

Statistiques générales
  • Ce quiz a été pris 11 fois
  • Le résultat moyen est 6 sur 6
Statistiques - réponses
Équipes % Correct
FC Grenoble
100%
Provence Rugby
100%
CA Brive
100%
US Montauban
100%
Soyaux Angoulême XV
91%
Colomiers Rugby
73%
Aucun quiz correspondant
Distribution des résultats
% des personnes avec chaque résultat
Percentile par nombre de réponses
Votre historique - résultats
Vous n’avez pas pris ce quiz